Регионална библиотека "Любен Каравелов" - Русе

Последното, което ми каза (Запис номер 473968)

MARC детайли
000 -Лидер
Контролно поле с фиксирана дължина 01035nam a2200265 a 4500
003 - Код на организацията, давaща контролен номер
Контролно поле BLK
005 - Дата и час на последна редакция
Контролно поле 20250801123029.0
008 - Елементи от данни с фиксирана дължина
fixed length control field 211020b bu |||||r|||| 00| | bu d
020 ## - Международен стандартен номер на книга ISBN
Международен стандартен номер на книга ISBN 9789542840404
040 ## - Източник на каталожния запис
Идентификатор на билиотеката - собственик на записа BLK
041 ## - Код за език
Код за езика на текст/звукозапис или на отделно заглавие Български
Код за езика КДБФ Български
080 ## - УДК
Текстов определител УДК Американска литература (на САЩ)
УДК код - определител по УДК 821.111(73)
УДК определител -31
УДК - код + определител 821.111(73)-31
100 ## - Редна дума - Автор
Автор Дейв, Лора
Авторска отговорност първи автор
R(LIN) 481004
139 ## - Редно поле
Редна дума Дейв, Лора
Авторски знак Деи - Д 34
245 10 - Сведения за заглавието
Заглавие Последното, което ми каза
Редно поле (дума) Лора Дейв ; прев. от англ. Богдан Русев
257 ## - Страна на издаване
Страна на създаване/издаване Съединени американски щати
260 ## - Област на издателските данни
Място на издаване, разпространение и проч. София
Име на издателя, разпространителя и проч. Сиела Норма
Година на издаване 2022
9 (RLIN) 217021
Издателство - префикс ISBN 978-954-28-
300 ## - Физическа характеристика
Страници 328 с.
Размери/Мащаб 21 см
380 ## - Жанр
Жанр Худож. лит.
500 ## - Общи забележки
Забележка Ориг. загл. THE LAST THING HE TOLD ME / Laura Dave
700 ## - Други автори (авторска отговорност)
Лично име Русев, Богдан Бориславов
Дати, свързани с автора 1975-
Автороска отговорност (Описва отношението между автора и произведението) прев. от англ.
9 (RLIN) 365584
852 ## - Местоположение
Фондова буква Заемна - подръчен фонд
Систематично-азбучна сигнатура 821-31/Д 34 Л
999 ## - СИСТЕМНИ КОНТРОЛНИ НОМЕРА
Koha biblionumber 473968
Koha biblioitemnumber 473968
942 ## - АРТИКУЛИ
Вид на библиотечния материал Книги
Скрит в OPAC Не
Периодичен библиозапис Да
Koha issues (borrowed), all copies 52
944 ## - СЪЗДАВАНЕ И РЕДАКЦИЯ на ЗАПИСА
Създаване/Редакция Създаване
Дата на регистрацията/редакция 2022-09-21
Служител, извършил регистрацията/редакцията 30531
Статус, дата на статуса Цветелина Шанова
Наличности
Код за отписване Код за изгубен артикул Източник на класификационната схема Код за повреда Коз за рестрикции Код за отдаване Артикулен № Име на библиотеката - собственик Име на библиотеката, в която се намира в момента Статус (Текущо местоположение) Дата на вписване в системата Местоположение - отдел Цена в лева Систематично азбучна сигнатура Баркод Цена в евро Служебен тип на артикула
  Не е изгубен Universal Decimal Classification Не е повреден без рестрикции заемане за дома 904980 Регионална библиотека "Любен Каравелов" Русе Регионална библиотека "Любен Каравелов" Русе Заемна - подръчен фонд 2022-09-23 Заемна - подръчен фонд 14.93 821-31/Д 34 Л 120000877172 7.63 Книги
  Не е изгубен Universal Decimal Classification Не е повреден без рестрикции заемане за дома 904981 Регионална библиотека "Любен Каравелов" Русе Регионална библиотека "Любен Каравелов" Русе Заемна - подръчен фонд 2022-09-23 Заемна - подръчен фонд 14.93 821-31/Д 34 Л 120000877171 7.63 Книги
Vip Innovations Ltd, Rousse, Bulgaria 2025